Specification for centrifuged ammonia-preserved natural rubber 9lattices. (Record no. 73087)

MARC details
000 -LEADER
fixed length control field 00378nam a2200121Ia 4500
245 #0 - TITLE STATEMENT
Title Specification for centrifuged ammonia-preserved natural rubber 9lattices.
260 ## - PUBLICATION, DISTRIBUTION, ETC. (IMPRINT)
Year of publication 1968
500 ## - GENERAL NOTE
General note Standard number: BS 4355
650 ## - SUBJECT ADDED ENTRY--TOPICAL TERM
Topical Term Centrifuged latex Ammonia preserved latex
650 ## - SUBJECT ADDED ENTRY--TOPICAL TERM
Topical Term Natural rubber 9lattices
942 ## - ADDED ENTRY ELEMENTS (KOHA)
Koha item type Standards
Holdings
Withdrawn status Lost status Damaged status Not for loan Collection code Home library Current library Date acquired Koha item type
      Standards British standards RRII Library RRII Library 31/12/2021 Standards